Occupancy costs of religious buildings (Record no. 112377)

MARC details
000 -LEADER
fixed length control field 00903cam a22002415a 4500
001 - CONTROL NUMBER
control field E153100
008 - FIXED-LENGTH DATA ELEMENTS--GENERAL INFORMATION
fixed length control field 110607s2011 xxkad f 000 0 eng d
020 ## - INTERNATIONAL STANDARD BOOK NUMBER
International Standard Book Number 9781907196164
035 ## - SYSTEM CONTROL NUMBER
System control number (Sirsi) u153100
041 0# - LANGUAGE CODE
Language code of text/sound track or separate title eng
050 04 - LIBRARY OF CONGRESS CALL NUMBER
Classification number 690.24 $2 18
110 2# - MAIN ENTRY--CORPORATE NAME
Corporate name or jurisdiction name as entry element Building Cost Information Service
9 (RLIN) 1096
245 00 - TITLE STATEMENT
Title Occupancy costs of religious buildings
260 ## - PUBLICATION, DISTRIBUTION, ETC.
Place of publication, distribution, etc. London
Name of publisher, distributor, etc. BCIS
Date of publication, distribution, etc. 2011
300 ## - PHYSICAL DESCRIPTION
Extent 87p.
Dimensions 30cm.
490 #0 - SERIES STATEMENT
Series statement BCIS Special Report
Volume/sequential designation March 2011
520 ## - SUMMARY, ETC.
Summary, etc. Provides current occupancy benchmarks for two religious buildings and shows the projected annual occupancy costs for the schemes. Includes projected annual expenditure charts and detailed estimates for individual elements and components.
521 ## - TARGET AUDIENCE NOTE
Target audience note Advanced
651 #4 - SUBJECT ADDED ENTRY--GEOGRAPHIC NAME
Geographic name United Kingdom
Chronological subdivision
690 ## - LOCAL SUBJECT ADDED ENTRY--TOPICAL TERM (OCLC, RLIN)
Topical term or geographic name as entry element BUILT ENVIRONMENT-BUILDING COSTS
690 ## - LOCAL SUBJECT ADDED ENTRY--TOPICAL TERM (OCLC, RLIN)
Topical term or geographic name as entry element PROPERTY-PROPERTY MANAGEMENT-OCCUPANCY COSTS
942 ## - ADDED ENTRY ELEMENTS (KOHA)
Suppress in OPAC 0
Holdings
Withdrawn status Lost status Source of classification or shelving scheme Damaged status Not for loan Home library Current library Shelving location Date acquired Total Checkouts Full call number Barcode Date last seen Copy number Price effective from Koha item type
    Dewey Decimal Classification     London London RICS Boxes 07/06/2011   RICS 2011/23 30075805 06/08/2019 1 06/08/2019 Archive